Top 30 Città più popolose America del Sud - Statistics

Statistiche generali
  • Questo quiz è stato fatto 115 volte
  • Il punteggio medio è 15 su 30
Statistiche sulle risposte
Popolazione Nazione Città % Corretto
3 054 267 Argentina Buenos Aires
99%
8 894 412 Peru Lima
97%
6 476 631 Brasile Rio de Janeiro
97%
7 862 277 Colombia Bogotà
96%
3 289 886 Venezuela Caracas
95%
2 914 830 Brasile Brasilia
93%
5 507 282 Cile Santiago del Cile
93%
12 038 175 Brasile San Paolo
92%
1 379 560 Uruguay Montevideo
87%
2 551 721 Ecuador Quito
85%
2 434 647 Colombia Medellin
65%
2 057 711 Brasile Manaus
48%
1 476 867 Brasile Porto Alegre
45%
2 591 188 Brasile Fortaleza
44%
2 589 229 Ecuador Guayaquil
41%
2 502 557 Brasile Belo Horizonte
39%
1 617 183 Brasile Recife
39%
2 333 203 Colombia Cali
37%
1 653 211 Venezuela Maracaibo
36%
2 921 087 Brasile Salvador
35%
1 414 201 Argentina Córdoba
32%
1 439 561 Brasile Belém
29%
1 879 355 Brasile Curitiba
29%
1 214 253 Colombia Barranquilla
24%
1 614 224 Bolivia Santa Cruz de la Serra
21%
1 164 098 Brasile Campinas
8%
1 430 697 Brasile Goiânia
8%
1 073 893 Brasile São Luís
5%
1 116 182 Venezuela Barquisimeto
4%
1 324 781 Brasile Guarulhos
1%
Nessun quiz corrispondente trovato
Distribuzione punteggi
Percentuale di utenti per punteggio
Percentile per numero di risposta
I tuoi punteggi nel tempo
Non hai fatto questo quiz